MARC

LEADER 00000nam0a2200000 4500
001 43785
005 20231031021524.0
035 |a (RuTPU)RU\TPU\book\45349 
090 |a 43785 
100 |a 20021021d1976 k y0rusy50 ca 
101 0 |a rus 
102 |a RU 
105 |a a g 001zy 
200 1 |a Взаимодействие излучений с ядрами тяжелых элементов и деление ядер  |e Справочник  |f В. М. Горбачев, Ю. С. Замятнин, А. А. Лбов 
210 |a Москва  |c Атомиздат  |d 1976 
215 |a 462 с.  |c ил. 
320 |a Библиогр. в конце глав. 
610 1 |a физика 
610 1 |a ядерные реакции 
610 1 |a тяжелые элементы 
610 1 |a атомное ядро 
610 1 |a деление 
610 1 |a излучения 
610 1 |a нейтронные сечения 
610 1 |a фотоядерные реакции 
610 1 |a справочники 
675 |a 539.172.6(03)  |v 3 
675 |a 539.173(03)  |v 3 
700 1 |a Горбачев  |b В. М.  |g Валентин Матвеевич 
701 1 |a Замятнин  |b Ю. С.  |g Юрий Сергеевич 
701 1 |a Лбов  |b А. А.  |g Александр Александрович 
801 1 |a RU  |b 63413507  |c 20021021  |g PSBO 
801 2 |a RU  |b 63413507  |c 20140415  |g PSBO 
900 |a Физика деления и синтеза ядер 
900 |a Взаимодействие ядерных излучений с веществом, ядерные реакции 
942 |c BK